| 000 | 01070cam a22003253a 4500 | ||
|---|---|---|---|
| 001 | 24570 | ||
| 003 | PGUSA | ||
| 005 | 20140828083527.0 | ||
| 008 | 080211s2008||||xxu|||||s|||||000 | eng d | ||
| 040 |
_aPGUSA _beng |
||
| 042 | _adc | ||
| 050 | 4 | _aDC | |
| 050 | 4 | _aTL | |
| 050 | 4 | _aU | |
| 100 | 1 |
_aHall, James Norman, _d1887-1951 |
|
| 245 | 1 | 0 |
_aHigh Adventure : _bA Narrative of Air Fighting in France _h[electronic resource] / _cJames Norman Hall |
| 260 |
_bProject Gutenberg, _c2008 |
||
| 506 | _aPublic domain in the USA. | ||
| 516 | _aElectronic text | ||
| 653 | _aAeronautics, Military | ||
| 653 | _aFighter pilots -- United States -- Biography | ||
| 653 | _aWorld War, 1914-1918 -- Aerial operations, French | ||
| 653 | _aFrance. Armée. Escadrille Lafayette -- Biography | ||
| 653 | _aHall, James Norman, 1887-1951 | ||
| 653 | _aWorld War, 1914-1918 -- Personal narratives, American | ||
| 653 | _aFighter pilots -- France -- Biography | ||
| 830 | 0 |
_aProject Gutenberg _v24570 |
|
| 856 | 4 | 0 | _uhttp://www.gutenberg.org/ebooks/24570 |
| 942 | _cEB | ||
| 999 |
_c253825 _d253825 |
||